000 00371nam a2200145 i 4500
001 bg
100 1 _aLENKIEWICZ, Władysław
245 0 _aRoboty budowlane /
_cWładysław Lenkiewicz, Zygmunt Michnowski.
260 _aWarszawa,
_c1975.
700 1 _aMICHNOWSKI, Zygmunt
040 _cBPK
041 _apol
942 _cKS
008 s pl f |000 0 pol
999 _c16232
_d16232
856 _uhttp://koha.tu.koszalin.pl/cgi-bin/koha/opac-detail.pl?biblionumber=16232
_yKatalog online BPK